Determinación de los parámetros de un sistema de humedales artificiales de flujo subsuperficial vertical para la optimización del diseño de modelos de caja negra bajo condiciones tropicales
Gespeichert in:
| 1. Verfasser: | |
|---|---|
| Weitere Verfasser: | |
| Format: | Buch |
| Sprache: | Spanish |
| Veröffentlicht: |
San José, Costa Rica
2020
|
| Schlagworte: | |
| Online Zugang: | https://cedi.ucr.ac.cr/biosistemas/determinacion-de-los-parametros-de-un-sistema-de-humedales-artificiales-de-flujo-subsuperficial-vertical-para-la-optimizacion-del-diseno-de-modelos-de-caja-negra-bajo-condiciones-tropicales/ |
| Tags: |
Tag hinzufügen
Keine Tags, Fügen Sie den ersten Tag hinzu!
|
MARC
| LEADER | 00000nam a2200000Ia 4500 | ||
|---|---|---|---|
| 003 | 013271 | ||
| 005 | 20230516160451.0 | ||
| 008 | 140114s2020 cr a 000 ||spa d | ||
| 040 | |c cru CEDI | ||
| 100 | |a Venegas Castillo, Johel Alberto, 1990- |9 296 | ||
| 245 | |a Determinación de los parámetros de un sistema de humedales artificiales de flujo subsuperficial vertical para la optimización del diseño de modelos de caja negra bajo condiciones tropicales | ||
| 260 | |a San José, Costa Rica |c 2020 | ||
| 500 | |a Trabajo de graduación(licenciatura en ingeniería agrícola y de biosistemas)--Universidad de Costa Rica. Facultad de Ingeniería. Escuela de Ingeniería de Biosistemas | ||
| 501 | |a Director de Trabajo Final de Graduación: Ing. Ronald Aguilar Álvarez, Ph.D | ||
| 650 | |x CRECIMIENTO (PLANTAS) |x HUMEDALES ARTIFICIALES - DISEÑO Y CONSTRUCCION |x BIODEGRADACION DE AGUAS RESIDUALES |x NUTRIENTES VEGETALES - ABSORCION - EVALUACION |x HUMEDALES ARTIFICIALES |x HUMEDALES ARTIFICIALES - EVALUACION | ||
| 700 | |9 45 |a Aguilar Álvarez, Ronald Esteban, 1984- |d Director del TFG | ||
| 856 | |u https://cedi.ucr.ac.cr/biosistemas/determinacion-de-los-parametros-de-un-sistema-de-humedales-artificiales-de-flujo-subsuperficial-vertical-para-la-optimizacion-del-diseno-de-modelos-de-caja-negra-bajo-condiciones-tropicales/ |y https://cedi.ucr.ac.cr/biosistemas/determinacion-de-los-parametros-de-un-sistema-de-humedales-artificiales-de-flujo-subsuperficial-vertical-para-la-optimizacion-del-diseno-de-modelos-de-caja-negra-bajo-condiciones-tropicales/ | ||
| 942 | |c CEDI |2 ddc | ||
| 999 | |c 12933 |d 12933 | ||
